10 biggest Portuguese empire countries - Statistics

General Stats
  • This quiz has been taken 72 times
    40 since last reset
  • The average score is 7 of 10
Answer Stats
area km2 Answer % Correct
1,244,000 angola
100%
8,300,000 brazil
100%
800,000 mozambique
100%
90,000 portugal
96%
36,000 guinea bissau
73%
176,000 uruguay
58%
21,800 sri lanka
35%
752,000 zambia
35%
391,000 zimbabwe
31%
36,000 taiwan
27%
No matching quizzes found
Score Distribution
Percent of People with Each Score
Percentile by Number Answered
Your Score History
You have not taken this quiz since the last reset